Normal view
MARC view
Entry Corporate Name
001 - CONTROL NUMBER
- control field: 27438
003 - CONTROL NUMBER IDENTIFIER
- control field: ARRUPE
005 - DATE AND TIME OF LATEST TRANSACTION
- control field: 20161115092159.0
008 - FIXED-LENGTH DATA ELEMENTS
- fixed length control field: 161115|| aca||aabn | a|a d
040 ## - CATALOGING SOURCE
- Original cataloging agency: ARRUPE
- Transcribing agency: ARRUPE
110 ## - HEADING--CORPORATE NAME
- Corporate name or jurisdiction name as entry element: Nguma Pie Claude ['et al']
- Relator term: jt.au.
670 ## - SOURCE DATA FOUND
- Source citation: Work cat.: (ARRUPE): Collquium of the second national cultural week 27436, The Cultural identity of Cameroon